01181nam a22003495a 450000100060000000300100000600500170001600700020003300800410003502000180007604000360009404100080013004300120013808200280015008400100017810000260018824501030021425000230031726400470034030000530038733600260044033700280046633800270049449000230052165000440054465000380058865000400062665000430066670000370070983000620074683000230080860652CO-BoRNBP20260309211357.0t190626r2019 ck a dr 0001j spa d a9789583059070 aCO-BoBLAbspadCO-BoBLAerdac0 aspa as-ck---04aCo863.7 bY36c 221 ed. aN YEP1 aYepes, Luis Bernardo.10aCaperucita roja y el profesor lobo / cLuis Bernardo Yepes ; ilustrado por Manuela Correa Upegui. aSegunda edición. aBogotá :bPanamericana Editorial,c2019. a116 páginas :bilustraciones a color ;c21 cm. atextbtxt2rdacontent aunmediatedbn2rdamedia avolumebnc2rdacarrier1 aLiteratura juvenil 7aCuentos juveniles colombianos.2BLAAUTO 7aHumor negro (Literatura)2BLAAUTO 7aLobosv Cuentos juveniles.2BLAAUTO 7aVenganzav Cuentos juveniles.2BLAAUTO1 aCorrea, Manuela,eilustración. 0aCatalogación en la publicación-Panamericana Editorial1 aLiteratura juvenil